Statistics for Austria Euro 2021 Squad

Click here to take the quiz!

General Stats

  • This quiz has been taken 33 times
  • The average score is 18 of 26

Answer Stats

PositionClubPlayer% Correct
DFBayern MunichDavid Alaba
100%
FWShanghai SIPGMarko Arnautovic
95%
MFRB LeipzigKonrad Laimer
91%
MFRB LeipzigMarcel Sabitzer
91%
DFBorussia MonchengladbachStefan Lainer
91%
DFEintracht FrankfurtMartin Hinteregger
86%
GKLASKAlexander Schlager
77%
MFTSG HoffenheimChristoph Baumgartner
77%
MFBayer LeverkusenJulian Baumgartlinger
77%
MFVFL WolfsburgXaver Schlager
77%
DFBayer LeverkusenAleksandar Dragovic
73%
GKWatfordDaniel Bachmann
73%
MFTSG HoffenheimFlorian Grillitsch
68%
MFInter MilanValentino Lazaro
68%
MFFC Schalke 04Alessandro Schopf
64%
DFRB SalzburgAndreas Ulmer
64%
MFUnion BerlinChristopher Trimmel
64%
FWFC AugsburgMichael Gregoritsch
64%
FWVFB StuttgartSasa Kalajdzic
59%
DFTSG HoffenheimStefan Posch
59%
MFFSV Mainz 05Karim Onisiwo
55%
DFWerder BremenMarco Friedl
55%
DFSC FreiburgPhilipp Lienhart
55%
MFEintracht FrankfurtStefan Ilsanker
50%
GKVFL WolfsburgPavao Pervan
41%
MFFC LuzernLouis Schaub
36%

Score Distribution

Percentile by Number Answered

Percent of People with Each Score

Your Score History

You have not taken this quiz